Therefore, stand / (Record no. 2446)

MARC details
000 -LEADER
fixed length control field 00890cam a2200253 a 4500
001 - CONTROL NUMBER
control field 3262724
003 - CONTROL NUMBER IDENTIFIER
control field GBCCL
005 - DATE AND TIME OF LATEST TRANSACTION
control field 20241126110429.0
008 - FIXED-LENGTH DATA ELEMENTS--GENERAL INFORMATION
fixed length control field 830126s1981 ctufa b 001 0 eng
010 ## -
-- 81081096
020 ## - INTERNATIONAL STANDARD BOOK NUMBER
International Standard Book Number 0879832606 (pbk.) :
Terms of availability $9.95
040 ## - CATALOGING SOURCE
Original cataloging agency DLC
Transcribing agency DLC
Modifying agency DLC
050 00 -
-- BT1101
-- .S67 1981
082 00 - DEWEY DECIMAL CLASSIFICATION NUMBER
Classification number 239
Edition information 19
Item number SMI
100 1# - MAIN ENTRY--PERSONAL NAME
Personal name Smith, Wilbur M.
Fuller form of name (Wilbur Moorehead),
Dates associated with a name 1894-1976.
9 (RLIN) 5069
245 10 - TITLE STATEMENT
Title Therefore, stand /
Statement of responsibility, etc. Wilbur M. Smith ; introduction by Harold J. Ockenga ; illustrations by Ron McCarty.
260 ## - PUBLICATION, DISTRIBUTION, ETC.
Place of publication, distribution, etc. New Canaan, Conn. :
Name of publisher, distributor, etc. Keats Pub.,
Date of publication, distribution, etc. c1981.
300 ## - PHYSICAL DESCRIPTION
Extent xxxii, 614 p., [1] leaf of plates :
Other physical details ill. ;
Dimensions 21 cm.
440 #2 - SERIES STATEMENT/ADDED ENTRY--TITLE
Title A Shepherd illustrated classic
9 (RLIN) 5070
504 ## - BIBLIOGRAPHY, ETC. NOTE
Bibliography, etc. note Includes bibliographical references and indexes.
650 #0 - SUBJECT ADDED ENTRY--TOPICAL TERM
Topical term or geographic name entry element Apologetics.
9 (RLIN) 85
906 ## - LOCAL DATA ELEMENT F, LDF (RLIN)
a 7
b cbc
c orignew
d 3
e opcn
f 19
g y-gencatlg
942 ## - ADDED ENTRY ELEMENTS (KOHA)
Source of classification or shelving scheme Dewey Decimal Classification
Koha item type Books
Koha issues (borrowed), all copies 2
Holdings
Withdrawn status Lost status Source of classification or shelving scheme Damaged status Not for loan Home library Current Library Shelving location Date acquired Total checkouts Full call number Barcode Date last seen Date last checked out Copy number Price effective from Koha item type
    Dewey Decimal Classification     GRACE BIBLE COLLEGE GRACE BIBLE COLLEGE Theology 2017-08-14 2 239 SMI 013503 2025-05-01 2019-09-20 c.1 2017-08-14 Books
© Grace Bible College Library 2025